000 01529nam a2200325 a 4500
001 ebr10446312
003 CaPaEBR
006 m u
007 cr cn|||||||||
008 100826s2011 vauc sb 001 0 eng d
010 _z 2010035632
020 _z9781416610908 (pbk. : alk. paper)
020 _z9781416612803 (e-book)
040 _aCaPaEBR
_cCaPaEBR
035 _a(OCoLC)703617738
050 1 4 _aLB1025.3
_b.R67 2011eb
082 0 4 _a371.102
_222
100 1 _aRosebrough, Thomas R.
245 1 0 _aTransformational teaching in the information age
_h[electronic resource] :
_bmaking why and how we teach relevant to students /
_cThomas R. Rosebrough and Ralph G. Leverett.
260 _aAlexandria, Va. :
_bASCD,
_cc2011.
300 _ax, 178 p. :
_bports.
504 _aIncludes bibliographical references and index.
505 0 _aInspire your students -- Embrace your role as a whole teacher -- Teach the whole student -- Place students in the center -- Teach for learning -- Know how students learn -- Teach students how to learn -- Teach by asking questions.
533 _aElectronic reproduction.
_bPalo Alto, Calif. :
_cebrary,
_d2011.
_nAvailable via World Wide Web.
_nAccess may be limited to ebrary affiliated libraries.
650 0 _aEffective teaching.
655 7 _aElectronic books.
_2local
700 1 _aLeverett, Ralph Geist.
710 2 _aebrary, Inc.
856 4 0 _uhttp://site.ebrary.com/lib/rucke/Doc?id=10446312
_zAn electronic book accessible through the World Wide Web; click to view
999 _c136628
_d136628